000
00215 a2200097 4500
001
2770
100
_a
Cairnerose, A.S
245
_a
Modern essays In criticism
260
_a
_b
Macsillan & Co
_c
090
_c
2065
_d
2065
942
_a
NUST-CAE
_c
M
_c
11836
999
_c
237843
_d
237843